| 000 | 01483nam0a2200409 4500 | ||
|---|---|---|---|
| 001 | RU\NLR\bibl\421403 | ||
| 005 | 20250622173712.0 | ||
| 010 |
_a5-7577-0106-4 _9150 |
||
| 021 |
_aRU _b2003-26526 _91232 |
||
| 035 | _a(NLR Aleph) 000415328 | ||
| 090 |
_a660870 _c660870 |
||
| 100 | _a20030710d2002 |||y0rusy50 ca | ||
| 101 | 0 | _arus | |
| 102 | _aRU | ||
| 105 | _aa ||||||||| | ||
| 200 | 1 |
_aПроблемы когерентной и нелинейной оптики _eСб. ст. _fПод ред. И. П. Гурова, С. А. Козлова |
|
| 210 |
_aСПб. _cИТМО _d2002 |
||
| 215 |
_a247 с. _cил. _d21 |
||
| 320 | _aБиблиогр. в конце ст. | ||
| 606 | 0 |
_aКогерентная оптика _jСборники _91523040 _3RU\NLR\auth\66662371 |
|
| 606 | 0 |
_aОптика нелинейная _jСборники _91054068 _3RU\NLR\auth\6689731 |
|
| 606 | 0 |
_aНелинейная оптика _jСборники _92100374 _3RU\NLR\auth\661270350 |
|
| 610 | 0 | _aОптика когерентная | |
| 610 | 0 | _aОптика нелинейная | |
| 675 |
_a535.131(075.8) _v3 _zrus |
||
| 686 |
_a29.31 _2rugasnti |
||
| 686 |
_a22.34я73 _2rubbk |
||
| 686 | _aВ343.4я43 | ||
| 686 | _aЗ86-01я43 | ||
| 702 | 1 |
_aГуров _bИ. П. _gИгорь Петрович _4340 |
|
| 801 | 0 |
_aRU _bRKP _c20030710 _gPSBO |
|
| 801 | 1 |
_aRU _bRKP _c20030710 |
|
| 801 | 2 |
_aRU _bNLR _c20040528 _grcr |
|
| 942 | _cBOOK | ||
| 980 | _aNB | ||